राग विराग / (Record no. 113675)

MARC details
000 -LEADER
fixed length control field 01144nam a22002897a 4500
003 - CONTROL NUMBER IDENTIFIER
control field dpl
005 - DATE AND TIME OF LATEST TRANSACTION
control field 20190207151359.0
008 - FIXED-LENGTH DATA ELEMENTS--GENERAL INFORMATION
fixed length control field 190207b ||||| |||| 00| 0 eng d
010 ## - LIBRARY OF CONGRESS CONTROL NUMBER
LC control number A-989997
020 ## - INTERNATIONAL STANDARD BOOK NUMBER
Terms of availability 150.00
International Standard Book Number 8170556767
035 ## - SYSTEM CONTROL NUMBER
System control number A-989997, A-990001
037 ## - SOURCE OF ACQUISITION
Source of stock number/acquisition Cen Lib/Ret
040 ## - CATALOGING SOURCE
Original cataloging agency DPL
Language of cataloging HN
Transcribing agency 0
082 ## - DEWEY DECIMAL CLASSIFICATION NUMBER
Classification number 821
Item number फ़िराक
100 ## - MAIN ENTRY--PERSONAL NAME
Personal name फ़िराक गोरखपूरी
9 (RLIN) 53365
245 ## - TITLE STATEMENT
Title राग विराग /
Statement of responsibility, etc फ़िराक गोरखपूरी
246 ## - VARYING FORM OF TITLE
Title proper/short title Rag virag
Remainder of title by Firak Gorakhpuri
260 ## - PUBLICATION, DISTRIBUTION, ETC. (IMPRINT)
Place of publication, distribution, etc नई दिल्ली
Name of publisher, distributor, etc वाणी प्रकाशन
Date of publication, distribution, etc 1999
270 ## - ADDRESS
Address 21-ए ,दरिया गंज
City नई दिल्ली
Postal code 110002
300 ## - PHYSICAL DESCRIPTION
Extent 183पृष्ठ.
Dimensions 20सेमी(सजिल्द)
650 ## - SUBJECT ADDED ENTRY--TOPICAL TERM
Topical term or geographic name as entry element हिंदी साहित्य
9 (RLIN) 53366
650 ## - SUBJECT ADDED ENTRY--TOPICAL TERM
Topical term or geographic name as entry element उर्दू प्रबन्ध काव्य
9 (RLIN) 53367
650 ## - SUBJECT ADDED ENTRY--TOPICAL TERM
Topical term or geographic name as entry element Hindi Literature
9 (RLIN) 53368
650 ## - SUBJECT ADDED ENTRY--TOPICAL TERM
Topical term or geographic name as entry element Urdu Poetry Stewardship
9 (RLIN) 53369
700 ## - ADDED ENTRY--PERSONAL NAME
Personal name मायाराम
9 (RLIN) 53319
942 ## - ADDED ENTRY ELEMENTS (KOHA)
Source of classification or shelving scheme Dewey Decimal Classification
Koha item type Hindi Books
Classification part 821
Call number suffix फ़िराक
Holdings
Withdrawn status Lost status Damaged status Not for loan Home library Current library Date acquired Source of acquisition Cost, normal purchase price Total Checkouts Full call number Barcode Date last seen Copy number Cost, replacement price Price effective from Koha item type Source of classification or shelving scheme Collection code
        Central Library Central Library 13/08/2015 Cen Lib/Ret 150.00   821 फ़िराक A-989997 13/08/2015 1 150.00 13/08/2015 Hindi Books    
        Shahdara Branch Shahdara Branch 07/02/2019 BPPD/PUB 150.00   821 फ़िराक A-990001 07/02/2019   150.00 07/02/2019 Hindi Books Dewey Decimal Classification Non-fiction

© Delhi Public Library
Hit Counter
free hit counter